000 00725nam a2200277Ia 4500
008 170711s9999 xx 000 0 und d
020 _a9780465018864
050 _a658.4
050 _bB472 2010
100 _aBennis, Warren
245 _aLearning to lead :
245 _ba workbook on becoming a leader /
245 _cby Warren Bennis and Joan Goldsmith.
250 _aFourth edition
260 _aNew York :
260 _bBasic Books,
260 _c2010
300 _axxiii, 240 pages :
300 _billustrations ;
300 _c23cm.
500 _aIncludes selected bibliography and index.
650 _aLeadership.
650 _aManagement.
700 _aGoldsmith, Joan.
700 _aTitle.
999 _c339600
_d339600